Real Madrid Players By Market Value (2022/23 Season) - Statistics

General Stats
  • This quiz has been taken 362 times
    246 since last reset
  • The average score is 9 of 19
Answer Stats
Market Value Player % Correct
€120.00m Vinícius Júnior
100%
€100.00m Federico Valverde
79%
€80.00m Rodrygo
75%
€90.00m Aurélien Tchouameni
72%
€60.00m Thibaut Courtois/Eduardo Camavinga
65%
€70.00m Éder Militão
62%
€35.00m Karim Benzema/Ferland Mendy
56%
€50.00m David Alaba
51%
€40.00m Antonio Rüdiger
50%
€18.00m Toni Kroos
48%
€10.00m Luka Modrić
44%
€15.00m Daniel Carvajal
43%
€5.00m Eden Hazard/Álvaro Odriozola/Andriy Lunin
37%
€6.00m Nacho Fernández/Álvaro Rodríguez
35%
€25.00m Marco Asensio
33%
€12.00m Dani Ceballos
28%
€9.00m Lucas Vázquez
28%
€2.00m Jesús Vallejo
16%
€2.50m Mariano Díaz
12%
No matching quizzes found
Score Distribution
Percent of People with Each Score
Percentile by Number Answered
Your Score History
You have not taken this quiz since the last reset